00737nam a2200133Ia 4500008004100000020001800041245014600059260003500205650018700240650001700427856004100444999001900485952009900504171212s9999 xx 000 0 und d a9780823267101 ceditor Badowska, Eva;Parmeggiani, FrancescaaOf Elephants and ToothachesbEthics, Politics, and Religion in Krzysztof Kieslowski's 'Decalogue bFordham University Pressc2016 aDekalog (Television program); Kieślowski, Krzysztof, 1941–1996 -- Criticism and interpretation; Television programs -- Poland -- Moral and ethical aspects; Religion on television aFilm Studies uhttp://jstor.org/stable/j.ctt1bmzp6t c351481d351481 001040aCLbCLd2017-12-12l0oPN 1992.77.D44 .O43 2016r2017-12-12 00:00:00w2017-12-12yCBE